Ηλεκτρονική υλοποίηση διαχείρισης πωλήσεων, προμηθειών και διακινήσεων με χρήση του περιβάλλοντος Microsoft Dynamics Navision : πτυχιακή εργασία

Στην παρούσα διπλωματική εργασία γίνεται μελέτη και εξετάζεται η Ηλεκτρονική Υλοποίηση Διαχείρισης Πωλήσεων, Προμηθειών και Διακινήσεων με Χρήση του Περιβάλλοντος Microsoft Dynamics Navision. Ειδικότερα, στο Κεφάλαιο 2 γίνεται μια αναφορά στα Συστήματα Διαχείρισης Επιχειρηματικών Πόρων (ERP), στους...

Πλήρης περιγραφή

Αποθηκεύτηκε σε:
Λεπτομέρειες βιβλιογραφικής εγγραφής
Κύριος συγγραφέας: Δράλιος, Θεοφάνης
Συγγραφή απο Οργανισμό/Αρχή: Πανεπιστήμιο Αιγαίου. Σχολή Θετικών Επιστημών. Τμήμα Μηχανικών Πληροφοριακών και Επικοινωνιακών Συστημάτων
Μορφή: Thesis Βιβλίο
Γλώσσα:Greek
Δημοσίευση: 2009.
Θέματα:
Διαθέσιμο Online:http://hdl.handle.net/11610/8642
Ετικέτες: Προσθήκη ετικέτας
Δεν υπάρχουν, Καταχωρήστε ετικέτα πρώτοι!

MARC

LEADER 00000cam a2200000 i 4500
001 1/2101
008 091022s2009 gr | ||| |||| ||gre||
035 |l 10105853 
040 |a GR-MyUA  |b gre  |e AACR2 
041 0 |a gre 
082 0 |a 658.5   |2 (22) 
100 1 |a Δράλιος, Θεοφάνης. 
245 1 0 |a Ηλεκτρονική υλοποίηση διαχείρισης πωλήσεων, προμηθειών και διακινήσεων με χρήση του περιβάλλοντος Microsoft Dynamics Navision :   |b πτυχιακή εργασία /   |c του Θεοφάνη Δράλιου ; επιβλέπων καθηγητής, Ευριπίδης Λουκής.  
260 |c 2009.  
300 |a vi, 138 σ. :   |b εικ. ;   |c 30 εκ.  
500 |a Μέλη της εξεταστικής επιτροπής: Λουκής Ευριπίδης, Τζουραμάνης Θεόδωρος, Χαραλαμπίδης Ιωάννης.  
502 |a Πτυχιακή εργασία – Πανεπιστήμιο Αιγαίου, Σάμος, 2009. 
504 |a Βιβλιογραφία: σ.138.  
506 0 |a Διάθεση πλήρους κειμένου - Ελεύθερη πρόσβαση.  
520 |a Στην παρούσα διπλωματική εργασία γίνεται μελέτη και εξετάζεται η Ηλεκτρονική Υλοποίηση Διαχείρισης Πωλήσεων, Προμηθειών και Διακινήσεων με Χρήση του Περιβάλλοντος Microsoft Dynamics Navision. Ειδικότερα, στο Κεφάλαιο 2 γίνεται μια αναφορά στα Συστήματα Διαχείρισης Επιχειρηματικών Πόρων (ERP), στους τρόπους υλοποίησης και οργάνωσής τους καθώς και σε άλλα σχετικά ζητήματα. Στη συνέχεια στο Κεφάλαιο 3 αναφέρεται η μεθοδολογία που ακολουθήθηκε ώστε να υλοποιηθεί η διπλωματική εργασία. Κατόπιν στο Κεφάλαιο 4 δημιουργείται ένα ολοκληρωμένο σενάριο μέσα από το οποίο μπορεί να γίνει εμφανές πως ένα σύστημα ERP μπορεί να υποστηρίξει τις διάφορες λειτουργίες μιας επιχείρησης, με έμφαση τις Αγορές, Πωλήσεις & Μάρκετινγκ και Αποθήκη. Τέλος στο Κεφάλαιο 5 γίνεται αναφορά στα συμπεράσματα που εξήχθησαν. 
540 |a Κλειδωμένη δυνατότητα αντιγραφής (copy) κειμένου.  
610 2 0 |a University of the Aegean  |x Dissertations. 
650 0 0 |a Manufacturing resource planning. 
650 0 0 |a Production planning. 
650 0 0 |a Management information systems. 
650 0 0 |a Business planning. 
650 0 0 |a Dissertations, Academic  |z Greece. 
700 1 |a Λουκής, Ευριπίδης,  |e dgs 
710 2 |a Πανεπιστήμιο Αιγαίου.   |b Σχολή Θετικών Επιστημών.   |b Τμήμα Μηχανικών Πληροφοριακών και Επικοινωνιακών Συστημάτων. 
852 |a INST  |b SAMOS  |c DIATR  |e 20091022  |h 658.5 ΔΡΑ  |p 005300031180  |q 005300031180  |t DIE  |y 23 
852 |a INST  |b SAMOS  |c DIATR  |e 20091022  |h 658.5 ΔΡΑ  |p 005300031181  |q 005300031181  |t DIE  |y 23 
856 |u http://hdl.handle.net/11610/8642 
901 |a BIBL3-2009-3 
909 |a Σ  |b 158233 
909 |a Σ  |b 158234 
924 |a ΚΟΣΙΕΡΗΣ  |b ΧΡΗΣΤΟΣ  |y Σάμος  |z 2009-10 
970 |a ΚΟΣΙΕΡΗΣ  |b ΧΡΗΣΤΟΣ  |z 2009/10/22